| 000 | 00531nam a22001697a 4500 | ||
|---|---|---|---|
| 008 | 130821s fr gr fre | ||
| 040 |
_aCo-BoUCM _bspa |
||
| 041 | 0 | 0 | _afre |
| 100 |
_aCharry, André _9150436 |
||
| 245 | 0 | 0 |
_aPetite Histoire d'une Ame _cAndré Charry |
| 260 |
_aParís (Francia) _bPlon Nourrit et Cie, s,f. _c[fecha desconocida] |
||
| 300 | _a235 páginas | ||
| 650 | 0 | 4 |
_aAlma _98851 |
| 650 | 0 | 4 |
_aEspiritualidad _9191 |
| 942 |
_cLIBRO _a4 _e1 _mCH17 _n0 _2DEWEY _h233.5 |
||
| 999 |
_c87373 _d87373 |
||